| 000 | 01159nam a2200325 i 4500 | ||
|---|---|---|---|
| 003 | EG-GICUC | ||
| 005 | 20260121101341.0 | ||
| 008 | 251125s1989 ua ||||fr|||| 00| 0 ara d | ||
| 017 | _a89/72/5 | ||
| 020 | _a9770405248 | ||
| 040 |
_a EG-GICUC _bara _c EG-GICUC _d EG-GICUC _erda |
||
| 041 | 0 | _aara | |
| 082 | 0 | 4 |
_221 _a345 _bا ل . ن |
| 092 | 0 | 4 | _221 |
| 099 | _aLaw1 07 345 ا ل . ن 1989 | ||
| 100 | 0 |
_aالسيد خليل هيكل _eمؤلف. |
|
| 245 | 1 | 0 |
_aنحو القانون الإداري للإستهلاك في سبيل حماية المستهلك / _cدكتور السيد خليل هيكل. |
| 264 |
_aالقاهرة : _bدار النهضة العربية، _c1989. |
||
| 300 |
_a110 صفحة ؛ _c24 سم. |
||
| 336 |
_2rda content _atext |
||
| 337 |
_2rda media _aComputer |
||
| 338 |
_2rda carrier _aOnline Resource |
||
| 504 | _aيشتمل على إرجاعات ببليوجرافية. | ||
| 546 | _aالنص باللغة العربية | ||
| 650 | 1 | 4 |
_aالقانون الإداري _2qrmak |
| 651 | 1 | _2qrmak | |
| 856 | 4 | 0 | _uhttps://fll.law.cu.edu.eg/fulltext/bks/B07-00557.pdf |
| 905 | _a65 | ||
| 942 |
_2ddc _cBK _e21 _n0 |
||
| 999 |
_c45822 _d45822 |
||